Statistics for Top 20 biggest cities in West Midlands

Click here to take the quiz!

General Stats

  • This quiz has been taken 36 times
  • The average score is 12 of 20

Answer Stats

HintAnswer% Correct
1,161,258Birmingham
100%
355,703Coventry
90%
218,488Wolverhampton
90%
85,472Dudley
87%
126,245Solihull
73%
71,361Walsall
73%
82,742West Bromwich
67%
279,769Stoke-on-Trent
63%
105,491Worcester
63%
109,899Sutton Coldfield
53%
80,759Burton upon Trent
50%
70,145Stafford
50%
155,570Telford
50%
76,782Shrewsbury
47%
94,634Nuneaton
43%
84,223Redditch
43%
78,125Rugby
43%
75,936Tamworth
40%
69,853Cannock
33%
76,204Newcastle-under-Lyme
27%

Score Distribution

Percentile by Number Answered

Percent of People with Each Score

Your Score History

You have not taken this quiz